[Event "Mittelfranken Landesliga Sued 2223"]
[Site "Mittelfranken"]
[Date "2023.03.05"]
[Round "7.2"]
[White "Schlichtmann, Robin"]
[Black "Zwanzger, Johannes"]
[Result "0-1"]
[WhiteElo "2292"]
[BlackElo "2248"]
[PlyCount "66"]
[EventDate "2022.10.09"]
[EventType "team-tourn"]
[EventRounds "9"]
[EventCountry "GER"]
[SourceTitle "EXT 2024"]
[Source "ChessBase"]
[SourceDate "2023.10.10"]
[SourceVersion "1"]
[SourceVersionDate "2023.10.10"]
[SourceQuality "1"]
[WhiteTeam "Garching II"]
[BlackTeam "Bayern Muenchen III"]
[WhiteTeamCountry "GER"]
[BlackTeamCountry "GER"]

1. e4 c5 2. Nf3 e6 3. c3 Nf6 4. e5 Nd5 5. d4 cxd4 6. cxd4 b6 7. Bd2 Be7 8. Nc3 Nxc3 9. Bxc3 Bb7 10. Bc4 d5 11. Bd3 Nc6 12. Rc1 0-0 13. h4 f5 14. exf6 gxf6 15. Ng5 fxg5 16. Qh5 Rf7 17. hxg5 Bxg5 18. Bxh7+ Kf8 19. Rc2 Bf6 20. Bg6 Rg7 21. Bd2 Ke7 22. Bh6 Rg8 23. Bg5 Kd7 24. Qh7+ Be7 25. Bf7 Rxg5 26. Rh6 Nxd4 27. Rd2 Re5+ 28. Kf1 Ba6+ 29. Kg1 Re1+ 30. Kh2 Qc7+ 31. Kh3 Rh1+ 32. Kg4 Rxh6 33. Qxh6 Qe5 0-1

[Event "Mittelfranken Landesliga Sued 2223"]
[Site "Mittelfranken"]
[Date "2022.10.23"]
[Round "2.3"]
[White "Bensch, Patrick"]
[Black "Zwanzger, Johannes"]
[Result "0-1"]
[WhiteElo "2119"]
[BlackElo "2248"]
[PlyCount "70"]
[EventDate "2022.10.09"]
[EventType "team-tourn"]
[EventRounds "9"]
[EventCountry "GER"]
[SourceTitle "EXT 2024"]
[Source "ChessBase"]
[SourceDate "2023.10.10"]
[SourceVersion "1"]
[SourceVersionDate "2023.10.10"]
[SourceQuality "1"]
[WhiteTeam "Rottal Inn"]
[BlackTeam "Bayern Muenchen III"]
[WhiteTeamCountry "GER"]
[BlackTeamCountry "GER"]

1. Nf3 d5 2. c4 c6 3. g3 Nf6 4. Bg2 dxc4 5. 0-0 Nbd7 6. Qc2 Nb6 7. b3 cxb3 8. axb3 g6 9. Bb2 Bg7 10. e4 0-0 11. d4 Bd7 12. Nbd2 Qc8 13. Rfc1 Bh3 14. Bh1 h6 15. b4 Qe6 16. Ra5 Rfd8 17. Qb1 a6 18. Qa1 Rac8 19. Re5 Qd6 20. Qa5 Nfd7 21. Rec5 Qb8 22. R5c2 Na8 23. Nc4 Nc7 24. Qa1 Ne8 25. Na5 Nf8 26. Nb3 Nd6 27. Nc5 Ne6 28. Ne5 Bxe5 29. dxe5 Nb5 30. Nxe6 Bxe6 31. Bg2 Qa7 32. Bf1 Nd4 33. Bxd4 Qxd4 34. Qa5 Qxe4 35. Bg2 Qxc2 0-1

[Event "Mittelfranken Landesliga Sued 2223"]
[Site "Mittelfranken"]
[Date "2022.10.09"]
[Round "1.3"]
[White "Zwanzger, Johannes"]
[Black "Brychcy, Felix"]
[Result "1-0"]
[WhiteElo "2248"]
[BlackElo "2036"]
[PlyCount "91"]
[EventDate "2022.10.09"]
[EventType "team-tourn"]
[EventRounds "9"]
[EventCountry "GER"]
[SourceTitle "EXT 2024"]
[Source "ChessBase"]
[SourceDate "2023.10.10"]
[SourceVersion "1"]
[SourceVersionDate "2023.10.10"]
[SourceQuality "1"]
[WhiteTeam "Bayern Muenchen III"]
[BlackTeam "Muenchen Zugzwang II"]
[WhiteTeamCountry "GER"]
[BlackTeamCountry "GER"]

1. e4 e5 2. Nf3 Nc6 3. Nc3 Nf6 4. h3 d5 5. exd5 Nxd5 6. Bb5 Nxc3 7. bxc3 Bd6 8. 0-0 0-0 9. d4 exd4 10. cxd4 h6 11. Bb2 Bf5 12. c4 Qf6 13. Qd2 Be4 14. d5 Qg6 15. Nh4 Qg5 16. Qxg5 hxg5 17. dxc6 gxh4 18. cxb7 Bxb7 19. Rfe1 Rfd8 20. Bc3 f6 21. Rad1 Kf8 22. Ba4 a5 23. Rb1 Ba6 24. Re4 Rab8 25. Rd1 Bc5 26. Rxd8+ Rxd8 27. Bxa5 Rd4 28. Rxd4 Bxd4 29. Bb5 Bxb5 30. cxb5 Be5 31. Bb4+ Kf7 32. Kf1 Ke6 33. Ke2 Kd5 34. Kd3 Bd4 35. f3 Bc5 36. Be1 Ba3 37. Bxh4 Kc5 38. Bg3 Kxb5 39. Bxc7 Kc6 40. Ba5 Kd5 41. Bc3 Ke6 42. g4 g6 43. h4 f5 44. h5 gxh5 45. gxh5 Kf7 46. Kc4 1-0

[Event "GER-chT Online Liga 1 GpD"]
[Site "Playchess.com INT"]
[Date "2021.03.18"]
[Round "6.1"]
[White "Zwanzger, Johannes"]
[Black "Keller, Peter1111"]
[Result "1/2-1/2"]
[WhiteElo "2263"]
[BlackElo "2359"]
[PlyCount "97"]
[EventDate "2021.01.18"]
[EventType "team-tourn (rapid)"]
[EventRounds "7"]
[EventCountry "GER"]
[SourceTitle "EXT 2022"]
[Source "ChessBase"]
[SourceDate "2021.10.06"]
[SourceVersion "1"]
[SourceVersionDate "2021.10.06"]
[SourceQuality "1"]
[WhiteTeam "Bayern Muenchen"]
[BlackTeam "Bickenbach"]
[WhiteTeamCountry "GER"]
[BlackTeamCountry "GER"]

1. e4 e5 2. Nf3 Nc6 3. Nc3 Nf6 4. g3 d5 5. exd5 Nxd5 6. Bg2 Nxc3 7. bxc3 Bc5 8. 0-0 0-0 9. d3 Bb6 10. Qe1 Qf6 11. Be3 Bg4 12. Nd2 Rae8 13. Rb1 Qe6 14. Nb3 Bh3 15. c4 Bxg2 16. Kxg2 Bxe3 17. fxe3 b6 18. Qc3 f5 19. Rbe1 Ne7 20. Nd2 Ng6 21. Kg1 Qc6 22. Qb3 Kh8 23. Qb5 Qf6 24. Qa4 Qd6 25. Rxf5 Rxf5 26. Qxe8+ Rf8 27. Qa4 a5 28. Rf1 Rxf1+ 29. Nxf1 h6 30. Qe8+ Kh7 31. Qf7 e4 32. Qf5 exd3 33. cxd3 Qe5 34. Qf2 Qc3 35. Qd2 Qxd2 36. Nxd2 Ne5 37. d4 Nd3 38. a3 Kg6 39. Kf1 c6 40. Ke2 Nb2 41. Kf3 Kf6 42. Ke4 Nd1 43. Kd3 Ke6 44. Ne4 Nb2+ 45. Kc3 Nd1+ 46. Kd2 Nb2 47. Kc3 Nd1+ 48. Kd2 Nb2 49. Kc3 1/2-1/2

[Event "Regionalliga Sued-West 1819"]
[Site "Bayern"]
[Date "2019.03.24"]
[Round "8.1"]
[White "Schindler, Sven"]
[Black "Zwanzger, Johannes"]
[Result "1/2-1/2"]
[WhiteElo "2165"]
[BlackElo "2292"]
[PlyCount "46"]
[EventDate "2018.10.21"]
[EventType "team-tourn"]
[EventRounds "9"]
[EventCountry "GER"]
[SourceTitle "EXT 2022"]
[Source "ChessBase"]
[SourceDate "2021.10.06"]
[SourceVersion "1"]
[SourceVersionDate "2021.10.06"]
[SourceQuality "1"]
[WhiteTeam "Garching III"]
[BlackTeam "Muenchen Bayern III"]
[WhiteTeamCountry "GER"]
[BlackTeamCountry "GER"]

1. d4 d5 2. c4 c6 3. cxd5 cxd5 4. Nc3 e6 5. Bf4 Bd6 6. Bxd6 Qxd6 7. Nf3 Ne7 8. e3 0-0 9. Be2 Bd7 10. 0-0 Rc8 11. Qd2 Be8 12. Rfc1 a6 13. Ne5 Nd7 14. f4 f6 15. Nxd7 Qxd7 16. Nd1 Nf5 17. Rxc8 Rxc8 18. Rc1 Nd6 19. Rxc8 Qxc8 20. Qc3 Qd7 21. b3 Bg6 22. Bd3 Bxd3 23. Qxd3 Qc6 1/2-1/2

[Event "Regionalliga Sued-West 1819"]
[Site "Bayern"]
[Date "2019.02.24"]
[Round "7.1"]
[White "Zwanzger, Johannes"]
[Black "Fischer, Manfred"]
[Result "1-0"]
[WhiteElo "2292"]
[BlackElo "2061"]
[PlyCount "99"]
[EventDate "2018.10.21"]
[EventType "team-tourn"]
[EventRounds "9"]
[EventCountry "GER"]
[SourceTitle "EXT 2022"]
[Source "ChessBase"]
[SourceDate "2021.10.06"]
[SourceVersion "1"]
[SourceVersionDate "2021.10.06"]
[SourceQuality "1"]
[WhiteTeam "Muenchen Bayern III"]
[BlackTeam "Tuerkheim/Bad Woerishofen"]
[WhiteTeamCountry "GER"]
[BlackTeamCountry "GER"]

1. e4 e5 2. Nf3 Nc6 3. Nc3 Nf6 4. g3 d5 5. exd5 Nxd5 6. Bg2 Nxc3 7. bxc3 Bd6 8. 0-0 0-0 9. d3 h6 10. Rb1 Rb8 11. Re1 Be6 12. c4 Qd7 13. Bb2 Bg4 14. Qc1 Rbe8 15. Bc3 b6 16. Qb2 f6 17. Qb5 Nd8 18. Nh4 c6 19. Qa4 g5 20. Nf3 Re7 21. Nd2 f5 22. Qb3 Kh7 23. Qb2 Nf7 24. a4 Bh5 25. a5 bxa5 26. Bxa5 g4 27. Bc3 Bg6 28. Qa1 h5 29. Qa4 Nd8 30. Qa5 c5 31. Nb3 Qc8 32. Qa1 Nf7 33. Na5 e4 34. Qa4 Ng5 35. Qc6 Qe6 36. Nb7 Bb8 37. Qxc5 Nf3+ 38. Bxf3 gxf3 39. Bb4 Rff7 40. Nd8 Qd7 41. Nxf7 Rxf7 42. Bc3 Bc7 43. Qd4 Qc8 44. Rb5 f4 45. Rg5 fxg3 46. hxg3 Kh6 47. Rxg6+ Kxg6 48. Qxe4+ Rf5 49. Qc6+ Kf7 50. Qh6 1-0

[Event "Regionalliga Sued-West 1819"]
[Site "Bayern"]
[Date "2019.01.20"]
[Round "5.1"]
[White "Zwanzger, Johannes"]
[Black "Waelzel, Helmut"]
[Result "1-0"]
[WhiteElo "2292"]
[BlackElo "2247"]
[PlyCount "72"]
[EventDate "2018.10.21"]
[EventType "team-tourn"]
[EventRounds "9"]
[EventCountry "GER"]
[SourceTitle "EXT 2022"]
[Source "ChessBase"]
[SourceDate "2021.10.06"]
[SourceVersion "1"]
[SourceVersionDate "2021.10.06"]
[SourceQuality "1"]
[WhiteTeam "Muenchen Bayern III"]
[BlackTeam "Haar"]
[WhiteTeamCountry "GER"]
[BlackTeamCountry "GER"]

1. e4 e6 2. d4 d5 3. Nc3 Bb4 4. e5 Qd7 5. a3 Bxc3+ 6. bxc3 b6 7. Qg4 f5 8. Qg3 Nc6 9. Nh3 Bb7 10. a4 0-0-0 11. Nf4 Na5 12. Ba3 Qf7 13. Bb4 Nc4 14. a5 Ne7 15. axb6 axb6 16. Bxe7 Qxe7 17. h4 g6 18. Qg5 Kd7 19. Qxe7+ Kxe7 20. Bxc4 dxc4 21. Ra7 Ra8 22. Rxb7 Kd7 23. Kd2 Kc6 24. Rxc7+ Kxc7 25. Nxe6+ Kc6 26. Re1 h6 27. d5+ Kd7 28. Ke3 Ra2 29. Rc1 Rha8 30. Kd4 R8a5 31. Nf8+ Ke8 32. Nxg6 b5 33. e6 Ra1 34. Rxa1 Rxa1 35. d6 Rc1 36. d7+ Kd8 1-0

[Event "Regionalliga Sued-West 1819"]
[Site "Bayern"]
[Date "2018.12.16"]
[Round "4.1"]
[White "Josch, Sylvio"]
[Black "Zwanzger, Johannes"]
[Result "0-1"]
[WhiteElo "2148"]
[BlackElo "2292"]
[PlyCount "66"]
[EventDate "2018.10.21"]
[EventType "team-tourn"]
[EventRounds "9"]
[EventCountry "GER"]
[SourceTitle "EXT 2022"]
[Source "ChessBase"]
[SourceDate "2021.10.06"]
[SourceVersion "1"]
[SourceVersionDate "2021.10.06"]
[SourceQuality "1"]
[WhiteTeam "Altstadt Roter Turm"]
[BlackTeam "Muenchen Bayern III"]
[WhiteTeamCountry "GER"]
[BlackTeamCountry "GER"]

1. e4 c5 2. Nf3 e6 3. d4 cxd4 4. Nxd4 Nc6 5. Nc3 Qc7 6. Be3 a6 7. Qd2 Nf6 8. 0-0-0 Bb4 9. f3 0-0 10. a3 Be7 11. g4 b5 12. h4 b4 13. axb4 Bxb4 14. h5 Ne5 15. g5 Ne8 16. f4 Ng4 17. e5 Bb7 18. Rg1 Bxc3 19. bxc3 Nxe3 20. Qxe3 Rc8 21. f5 Qa5 22. f6 d6 23. fxg7 Nxg7 24. exd6 Rxc3 25. Bd3 Ra3 26. Nb3 Rxb3 27. cxb3 Qc3+ 28. Kb1 Qxb3+ 29. Ka1 Qa3+ 30. Kb1 Be4 31. Rd2 Rb8+ 32. Kc2 Qb3+ 33. Kc1 Qb1+ 0-1

[Event "Regionalliga Sued-West 1819"]
[Site "Bayern"]
[Date "2018.11.11"]
[Round "2.1"]
[White "Mueller, Philipp1111"]
[Black "Zwanzger, Johannes"]
[Result "1/2-1/2"]
[WhiteElo "2167"]
[BlackElo "2292"]
[PlyCount "94"]
[EventDate "2018.10.21"]
[EventType "team-tourn"]
[EventRounds "9"]
[EventCountry "GER"]
[SourceTitle "EXT 2022"]
[Source "ChessBase"]
[SourceDate "2021.10.06"]
[SourceVersion "1"]
[SourceVersionDate "2021.10.06"]
[SourceQuality "1"]
[WhiteTeam "Augsburg SK Rochade"]
[BlackTeam "Muenchen Bayern III"]
[WhiteTeamCountry "GER"]
[BlackTeamCountry "GER"]

1. c4 e5 2. g3 Nf6 3. Bg2 d5 4. cxd5 Nxd5 5. Nc3 Nb6 6. Nf3 Nc6 7. 0-0 Be7 8. Rb1 a5 9. d3 Be6 10. Be3 Nd5 11. Nxd5 Bxd5 12. Qa4 0-0 13. a3 Qd6 14. Rfc1 Rfd8 15. Rc5 h6 16. Rbc1 Qe6 17. Rb5 Rab8 18. Bd2 Bxf3 19. Bxf3 Nd4 20. Rxc7 Nxb5 21. Qxb5 b6 22. Bc3 Bc5 23. Rxc5 bxc5 24. Qxc5 a4 25. Bxe5 Rbc8 26. Qa5 Qb3 27. Kg2 Re8 28. Bd4 Rc1 29. Qf5 Qd1 30. Be4 Rxe4 31. Qxe4 Qh1+ 32. Kh3 Qxe4 33. dxe4 Rc2 34. Kg4 Rxe2 35. Kf5 g6+ 36. Kf4 Kf8 37. g4 Ke7 38. h4 Rd2 39. Ke3 Rd1 40. Bg7 h5 41. gxh5 gxh5 42. Kf4 Ke6 43. Bc3 Rg1 44. f3 f6 45. Bd4 Rd1 46. Bc3 Rg1 47. Bd4 Rd1 1/2-1/2

[Event "Regionalliga Sued-West 1819"]
[Site "Bayern"]
[Date "2018.10.21"]
[Round "1.1"]
[White "Altmann, Christoph"]
[Black "Zwanzger, Johannes"]
[Result "1/2-1/2"]
[WhiteElo "2042"]
[BlackElo "2292"]
[PlyCount "112"]
[EventDate "2018.10.21"]
[EventType "team-tourn"]
[EventRounds "9"]
[EventCountry "GER"]
[SourceTitle "EXT 2022"]
[Source "ChessBase"]
[SourceDate "2021.10.06"]
[SourceVersion "1"]
[SourceVersionDate "2021.10.06"]
[SourceQuality "1"]
[WhiteTeam "Sendling SC"]
[BlackTeam "Muenchen Bayern III"]
[WhiteTeamCountry "GER"]
[BlackTeamCountry "GER"]

1. d4 d5 2. Bg5 Qd6 3. Nc3 Bf5 4. e3 e6 5. Bd3 Bxd3 6. cxd3 c5 7. dxc5 Qxc5 8. d4 Qb6 9. Nge2 Bd6 10. 0-0 Ne7 11. Qa4+ Nbc6 12. Rfc1 0-0 13. Qb5 Qc7 14. Bf4 Rfc8 15. Qd3 Bxf4 16. Nxf4 Na5 17. Nfe2 Qc4 18. Qd1 Qb4 19. Qa4 Nec6 20. Qxb4 Nxb4 21. b3 Kf8 22. Kf1 Ke7 23. Rab1 Kd7 24. a3 Na6 25. Ke1 Nc7 26. Kd1 Ne8 27. f3 Rc6 28. Na2 Rac8 29. Rxc6 bxc6 30. Nac1 Nf6 31. Rb2 Kd6 32. Rc2 Nd7 33. Nf4 Rb8 34. Rc3 c5 35. Nfe2 c4 36. b4 Nc6 37. Rc2 a5 38. bxa5 Nxa5 39. Ra2 Nb6 40. Kc2 Na4 41. Nc3 Nxc3 42. Kxc3 Rb1 43. Kc2 Rb3 44. Kd2 Rb7 45. Kc3 e5 46. dxe5+ Kxe5 47. Rd2 Nb3 48. Rb2 Ra7 49. Nxb3 Rxa3 50. Kb4 Rxb3+ 51. Rxb3 cxb3 52. Kxb3 d4 53. Kc4 dxe3 54. Kd3 f5 55. Kxe3 f4+ 56. Kd3 Kd5 1/2-1/2

[Event "Regionalliga Sued-West 1718"]
[Site "Bayern"]
[Date "2017.10.22"]
[Round "1.1"]
[White "Zwanzger, Johannes"]
[Black "Mueller, Philipp1111"]
[Result "1-0"]
[WhiteElo "2283"]
[BlackElo "2210"]
[PlyCount "95"]
[EventDate "2017.10.22"]
[EventType "team-tourn"]
[EventRounds "9"]
[EventCountry "GER"]
[SourceTitle "EXT 2022"]
[Source "ChessBase"]
[SourceDate "2021.10.06"]
[SourceVersion "1"]
[SourceVersionDate "2021.10.06"]
[SourceQuality "1"]
[WhiteTeam "Muenchen FC Bayern"]
[BlackTeam "Augsburg SK Rochade"]
[WhiteTeamCountry "GER"]
[BlackTeamCountry "GER"]

1. e4 c5 2. Nf3 e6 3. d4 cxd4 4. Nxd4 Nc6 5. Nc3 Qc7 6. Ndb5 Qb8 7. Be3 a6 8. Bb6 axb5 9. Nxb5 Bb4+ 10. c3 Ba5 11. Nc7+ Qxc7 12. Bxc7 Bxc7 13. Qg4 g6 14. Bb5 Nge7 15. 0-0 0-0 16. a4 d5 17. exd5 exd5 18. Qg5 Nf5 19. Rfe1 Be6 20. b4 Rfc8 21. a5 Nb8 22. Qd2 Bd8 23. Rac1 Bf6 24. Bd3 Kg7 25. Bxf5 gxf5 26. Re3 Rc4 27. Rg3+ Rg4 28. Qe3 Nd7 29. h3 Rg6 30. Qd3 b6 31. a6 Ne5 32. Qb5 Rxg3 33. fxg3 Nc4 34. Kf2 d4 35. cxd4 Bxd4+ 36. Ke2 Na3 37. Qd3 Bb2 38. Rc7 b5 39. Qd6 Bc4+ 40. Kf2 Nc2 41. Kg1 Bc3 42. Kh2 Nxb4 43. a7 Kg8 44. Rb7 Kg7 45. Qb8 Rxb8 46. axb8Q Nd5 47. Qc8 Kg6 48. Qg8+ 1-0

[Event "Regionalliga SW 1617"]
[Site "Bayern"]
[Date "2017.02.05"]
[Round "5.1"]
[White "Wild, Rudolf"]
[Black "Zwanzger, Johannes"]
[Result "1-0"]
[WhiteElo "2176"]
[BlackElo "2222"]
[PlyCount "93"]
[EventDate "2016.10.16"]
[EventType "team-tourn"]
[EventRounds "9"]
[EventCountry "GER"]
[SourceTitle "EXT 2019"]
[Source "ChessBase"]
[SourceDate "2018.10.10"]
[SourceVersion "1"]
[SourceVersionDate "2018.10.10"]
[SourceQuality "1"]
[WhiteTeam "Krumbach"]
[BlackTeam "Bayern Muenchen III"]
[WhiteTeamCountry "GER"]
[BlackTeamCountry "GER"]

1. Nf3 c5 2. c4 Nc6 3. Nc3 e5 4. g3 d6 5. Bg2 g6 6. d3 Bg7 7. a3 Nge7 8. Rb1 a5 9. 0-0 0-0 10. Bd2 h6 11. Ne1 Be6 12. Nd5 Rb8 13. Nc2 b5 14. b3 Kh7 15. f4 Bxd5 16. cxd5 Nd4 17. e3 Nxc2 18. Qxc2 exf4 19. Rxf4 f5 20. Rbf1 Qb6 21. Kh1 Be5 22. R4f2 Rfc8 23. g4 c4 24. gxf5 Nxf5 25. Rxf5 gxf5 26. d4 Rf8 27. dxe5 cxb3 28. Qxb3 dxe5 29. Qc3 Qd6 30. Qxa5 Rg8 31. Rg1 Rg7 32. Be1 Rbg8 33. Qxb5 Qxa3 34. Qe2 Qc5 35. Bg3 e4 36. Rd1 Ra8 37. d6 Raa7 38. Bf4 Qc3 39. Bh3 Qf6 40. Qh5 Ra1 41. Bg3 Rxd1+ 42. Qxd1 Rd7 43. Bf1 Rd8 44. Qd5 h5 45. d7 Rg8 46. Bc7 Qg6 47. Qxg8+ 1-0

[Event "Bundesliga 1516"]
[Site "Germany"]
[Date "2016.03.13"]
[Round "11.6"]
[White "Zwanzger, Johannes"]
[Black "Van Foreest, Lucas"]
[Result "1/2-1/2"]
[WhiteElo "2277"]
[BlackElo "2314"]
[PlyCount "63"]
[EventDate "2015.09.18"]
[EventType "team-tourn"]
[EventRounds "15"]
[EventCountry "GER"]
[SourceTitle "CBM 172"]
[Source "ChessBase"]
[SourceDate "2016.05.12"]
[SourceVersion "1"]
[SourceVersionDate "2016.05.12"]
[SourceQuality "1"]
[WhiteTeam "Bayern Muenchen"]
[BlackTeam "Emsdetten Turm"]
[WhiteTeamCountry "GER"]
[BlackTeamCountry "GER"]

1. e4 e5 2. Nf3 Nc6 3. Nc3 Nf6 4. Bb5 Bd6 5. 0-0 0-0 6. d3 h6 7. Ne2 Re8 8. c3 a6 9. Ba4 Bf8 10. Ng3 d6 11. Re1 b5 12. Bc2 Nb8 13. a4 Bb7 14. axb5 axb5 15. Rxa8 Bxa8 16. d4 Nbd7 17. Bd3 c6 18. Qb3 Bb7 19. h3 Qc7 20. Be3 d5 21. Nxe5 Nxe5 22. dxe5 Nxe4 23. Nxe4 dxe4 24. Bxe4 Qxe5 25. Bf3 Bd6 26. g3 Bc5 27. Re2 Qf5 28. Bxc5 Rxe2 29. Bxe2 Qxc5 30. Qd1 Qe7 31. Bf3 c5 32. Bxb7 1/2-1/2

[Event "Bundesliga 1516"]
[Site "Germany"]
[Date "2016.03.12"]
[Round "10.6"]
[White "Markgraf, Alexander"]
[Black "Zwanzger, Johannes"]
[Result "1-0"]
[WhiteElo "2488"]
[BlackElo "2277"]
[PlyCount "97"]
[EventDate "2015.09.18"]
[EventType "team-tourn"]
[EventRounds "15"]
[EventCountry "GER"]
[SourceTitle "CBM 172"]
[Source "ChessBase"]
[SourceDate "2016.05.12"]
[SourceVersion "1"]
[SourceVersionDate "2016.05.12"]
[SourceQuality "1"]
[WhiteTeam "Werder Bremen"]
[BlackTeam "Bayern Muenchen"]
[WhiteTeamCountry "GER"]
[BlackTeamCountry "GER"]

1. e4 c5 2. Nf3 e6 3. d4 cxd4 4. Nxd4 Nc6 5. Nc3 Qc7 6. Be3 a6 7. Qd2 Nf6 8. 0-0-0 Be7 9. f3 b5 10. Kb1 Bb7 11. Bf4 Qb6 12. Nb3 d6 13. Bxd6 0-0-0 14. Qf4 g5 15. Qg3 Bxd6 16. Rxd6 Rxd6 17. Qxd6 Rd8 18. Qc5 Qxc5 19. Nxc5 b4 20. Ne2 Rd1+ 21. Nc1 Rd2 22. N5b3 Rd1 23. c3 bxc3 24. bxc3 Kc7 25. Kc2 Rd8 26. Nc5 a5 27. Bb5 Ne5 28. N1d3 Nxd3 29. Nxd3 Nh5 30. a4 Nf4 31. h4 Nxd3 32. Bxd3 Rg8 33. hxg5 Rxg5 34. Rxh7 Rxg2+ 35. Kb3 Bc6 36. Rxf7+ Kd6 37. Bb5 Bxb5 38. axb5 Kc5 39. c4 Rg1 40. Rc7+ Kd4 41. Rd7+ Kc5 42. Rc7+ Kd4 43. Ka2 Kc3 44. b6 Rg2+ 45. Ka3 Rg1 46. Ka4 Ra1+ 47. Kb5 a4 48. Ra7 a3 49. b7 1-0

[Event "Regionalliga SW 1516"]
[Site "Bayern"]
[Date "2016.01.31"]
[Round "6.1"]
[White "Zwanzger, Johannes"]
[Black "Grimberg, Boris"]
[Result "0-1"]
[WhiteElo "2222"]
[BlackElo "2307"]
[PlyCount "90"]
[EventDate "2015.10.11"]
[EventType "team-tourn"]
[EventRounds "9"]
[EventCountry "GER"]
[SourceTitle "EXT 2018"]
[Source "ChessBase"]
[SourceDate "2017.10.13"]
[SourceVersion "1"]
[SourceVersionDate "2017.10.13"]
[SourceQuality "1"]
[WhiteTeam "Bayern Muenchen III"]
[BlackTeam "Haunstetten"]
[WhiteTeamCountry "GER"]
[BlackTeamCountry "GER"]

1. e4 e5 2. Nf3 Nc6 3. Nc3 Nf6 4. g3 d5 5. exd5 Nxd5 6. Bg2 Nxc3 7. bxc3 Bc5 8. 0-0 0-0 9. d3 Bg4 10. Re1 Re8 11. Be3 Bb6 12. Qc1 h6 13. Nd2 Be6 14. Nb3 Qd6 15. c4 Bxe3 16. Qxe3 Rad8 17. Qc5 Bd7 18. Qxd6 cxd6 19. c5 d5 20. Bxd5 Nb4 21. c4 Nc2 22. Bxb7 Nxa1 23. Rxa1 Bf5 24. Bd5 Be6 25. Bxe6 Rxe6 26. Rd1 Kf8 27. Kf1 Ke8 28. Rd2 Kd7 29. Ke2 Kc7 30. Ke3 f5 31. f4 g5 32. fxe5 Rxe5+ 33. Kf2 f4 34. gxf4 Rf8 35. Rb2 Rxf4+ 36. Kg2 Ref5 37. Re2 Rg4+ 38. Kh3 Rg1 39. Nd4 Rf7 40. Re6 Rf2 41. Rg6 Rfg2 42. Nb5+ Kd8 43. Rg8+ Ke7 44. Rg7+ Kf6 45. c6 Kxg7 0-1

[Event "Bundesliga 1516"]
[Site "Germany"]
[Date "2015.09.19"]
[Round "1.8"]
[White "Zwanzger, Johannes"]
[Black "Walter, Stefan1111"]
[Result "0-1"]
[WhiteElo "2277"]
[BlackElo "2402"]
[PlyCount "120"]
[EventDate "2015.09.18"]
[EventType "team-tourn"]
[EventRounds "15"]
[EventCountry "GER"]
[SourceTitle "EXT 2016"]
[Source "ChessBase"]
[SourceDate "2015.10.08"]
[SourceVersion "1"]
[SourceVersionDate "2015.10.08"]
[SourceQuality "1"]
[WhiteTeam "Bayern Muenchen"]
[BlackTeam "Griesheim"]
[WhiteTeamCountry "GER"]
[BlackTeamCountry "GER"]

1. e4 e5 2. Nf3 Nc6 3. Bb5 a6 4. Ba4 Nf6 5. 0-0 Be7 6. Re1 b5 7. Bb3 d6 8. c3 0-0 9. h3 Na5 10. Bc2 c5 11. d4 Nd7 12. dxc5 dxc5 13. Nbd2 Bb7 14. Nf1 Nc4 15. Qe2 Re8 16. Ng3 g6 17. Nh2 Bg5 18. b3 Ncb6 19. Qg4 Bxc1 20. Raxc1 Qf6 21. Qf3 Qxf3 22. Nxf3 Rad8 23. Rcd1 f6 24. Rd2 Nf8 25. Red1 Rxd2 26. Rxd2 Kf7 27. Nh2 Ke7 28. Ng4 Ne6 29. Kf1 b4 30. cxb4 cxb4 31. Ne2 Rc8 32. Ne3 a5 33. f3 Ba6 34. Ke1 Bxe2 35. Kxe2 Nd4+ 36. Kd1 Rc7 37. Bb1 Ke6 38. Bd3 Rc3 39. Nc4 Nxc4 40. Bxc4+ Kd6 41. Bg8 Ke7 42. Bd5 h6 43. Bg8 h5 44. Bd5 h4 45. Bg8 Re3 46. Bc4 Rc3 47. Bg8 f5 48. exf5 gxf5 49. f4 Kf6 50. fxe5+ Kxe5 51. Ke1 Ke4 52. Kf2 Nc2 53. Bd5+ Ke5 54. Bg8 Ne3 55. Rd8 Ke4 56. Rd2 Rc7 57. Re2 f4 58. Be6 Rc1 59. Rd2 Rf1+ 60. Ke2 Rg1 0-1

[Event "Bundesliga 1415"]
[Site "Germany"]
[Date "2015.02.21"]
[Round "10.1"]
[White "Zwanzger, Johannes"]
[Black "Fish, Gennadij"]
[Result "1/2-1/2"]
[WhiteElo "2313"]
[BlackElo "2466"]
[PlyCount "129"]
[EventDate "2014.10.18"]
[EventType "team-tourn"]
[EventRounds "15"]
[EventCountry "GER"]
[SourceTitle "CBM 165"]
[Source "ChessBase"]
[SourceDate "2015.03.11"]
[SourceVersion "1"]
[SourceVersionDate "2015.03.11"]
[SourceQuality "1"]
[WhiteTeam "Bayern Muenchen"]
[BlackTeam "Werder Bremen"]
[WhiteTeamCountry "GER"]
[BlackTeamCountry "GER"]

1. e4 e5 2. Nf3 Nc6 3. Bb5 Nd4 4. Bc4 Nxf3+ 5. Qxf3 Qf6 6. Qe2 Bc5 7. d3 Ne7 8. Nc3 c6 9. Be3 d6 10. Bxc5 dxc5 11. Qe3 b6 12. 0-0 Ng6 13. Ne2 Be6 14. Bxe6 Qxe6 15. f4 exf4 16. Nxf4 Nxf4 17. Rxf4 0-0 18. b3 Qe5 19. Raf1 Qd4 20. Qxd4 cxd4 21. Kf2 Rad8 22. Ke2 Rd7 23. Kd2 Re8 24. Rf5 Re6 25. R1f2 g6 26. R5f4 Kg7 27. Rf1 b5 28. Kc1 c5 29. Kb2 Rb7 30. R1f2 a5 31. Kb1 Ra6 32. Kc1 a4 33. Rf1 Rc6 34. g4 c4 35. dxc4 bxc4 36. bxa4 c3 37. Kd1 Ra6 38. Ke2 Rxa4 39. Kd3 Rxa2 40. g5 Ra5 41. h4 Rd7 42. Rf6 Re5 43. Rc6 h6 44. gxh6+ Kxh6 45. Rc4 f5 46. Rf4 Kh5 47. Rc6 Rxe4 48. Rxe4 fxe4+ 49. Kxe4 Rd8 50. Kd3 Rg8 51. Kxd4 Kxh4 52. Rxc3 g5 53. Ra3 g4 54. c4 g3 55. Ra1 g2 56. Rg1 Kg3 57. c5 Kf2 58. Rxg2+ Kxg2 59. c6 Kf3 60. Ke5 Ke3 61. c7 Kd3 62. Kd6 Kd4 63. Kd7 Kd5 64. c8Q Rxc8 65. Kxc8 1/2-1/2

[Event "Bundesliga 1415"]
[Site "Germany"]
[Date "2015.02.01"]
[Round "9.1"]
[White "Zwanzger, Johannes"]
[Black "Boguslawski, Oleg"]
[Result "0-1"]
[WhiteElo "2313"]
[BlackElo "2441"]
[PlyCount "86"]
[EventDate "2014.10.18"]
[EventType "team-tourn"]
[EventRounds "15"]
[EventCountry "GER"]
[SourceTitle "CBM 165"]
[Source "ChessBase"]
[SourceDate "2015.03.11"]
[SourceVersion "1"]
[SourceVersionDate "2015.03.11"]
[SourceQuality "1"]
[WhiteTeam "Bayern Muenchen"]
[BlackTeam "Hockenheim"]
[WhiteTeamCountry "GER"]
[BlackTeamCountry "GER"]

1. e4 c5 2. Nf3 Nc6 3. d4 cxd4 4. Nxd4 e5 5. Nb5 d6 6. N1c3 a6 7. Na3 b5 8. Nd5 Nce7 9. Nxe7 Bxe7 10. c4 Nf6 11. Bd3 0-0 12. 0-0 Bb7 13. cxb5 axb5 14. Nxb5 Nxe4 15. Bxe4 Bxe4 16. Nc3 Bb7 17. Nd5 Bxd5 18. Qxd5 Ra5 19. Qe4 Qa8 20. Qxa8 Rfxa8 21. a3 d5 22. Bd2 R5a7 23. Rfc1 d4 24. g3 f5 25. Rc4 Kf7 26. Rac1 Bf6 27. Rc7+ Rxc7 28. Rxc7+ Ke6 29. Kf1 e4 30. Ke1 h5 31. h4 Be5 32. Rc1 e3 33. Bb4 Rd8 34. Ke2 exf2 35. Kxf2 d3 36. Bc3 Bxc3 37. bxc3 Kd5 38. Ke3 Kc4 39. Kd2 Rb8 40. Rf1 Rb2+ 41. Ke3 Re2+ 42. Kf3 Re4 43. Rb1 d2 0-1